000 00418nam a2200145Ia 4500
008 100204s9999 xx 000 0 und d
082 _b11404
100 _aचव्हाण बिमन
245 _aदोस्तायन
260 _b"सरस प्रकाशन, ठाणे"
_c1988
300 _a168
630 _aदोस्तायन
730 _aदोस्तायन
942 _cBOOK
999 _c455840
_d455837